Best of 1980s Chick-Lit Quiz Stats

 Plays Quiz not verified by Sporcle

Challenge
Share
Tweet
Embed
Score 0/9 Timer 05:00
0 Plays Today
Author Book or Series % Correct
Beverly ClearyRamona Quimby, Age 8
68.4%
Caroline KeeneNancy Drew
63.2%
Ann M. MartinThe Baby-sitters Club
63.2%
Lucy Maud MontgomeryAnne of Green Gables
57.9%
V.C. AndrewsFlowers in the Attic
42.1%
Katherine PatersonJacob Have I Loved
31.6%
Francine PascalSweet Valley High
31.6%
Judy BlumeForever: A Moving Story of the End of Innocence
26.3%
Anonymous/Beatrice SparksGo Ask Alice
26.3%

You're not logged in!

Compare scores with friends on all Sporcle quizzes.
OR
Log In

You Might Also Like...

Show Comments

Extras

Created Mar 23, 2011SourceReportNominate
Tags:1980s

Top Quizzes Today


Score Distribution

Your Account Isn't Verified!

In order to create a playlist on Sporcle, you need to verify the email address you used during registration. Go to your Sporcle Settings to finish the process.

Report this User

Report this user for behavior that violates our Community Guidelines.

Details: